00378nam a2200121Ia 45000010005000000080041000050820024000461000030000702450089001002600024001899010028002139990015002413945241024s9999 xx 000 0 und d aRD/972.07/L77s/2014 aListin Díario. Plan Lea 0aSemana de la geografía (21) . Todos somos exploradores, resumen normativo SDG2014. bSanto Domingoc2014 a10/3/2015 12:34:16 p.m. c7620d7620